Galatians : (Record no. 9677)

MARC details
000 -LEADER
fixed length control field 02211cam a2200373 a 4500
001 - CONTROL NUMBER
control field 799024812
003 - CONTROL NUMBER IDENTIFIER
control field OCoLC
005 - DATE AND TIME OF LATEST TRANSACTION
control field 20241126110716.0
008 - FIXED-LENGTH DATA ELEMENTS--GENERAL INFORMATION
fixed length control field 120711s2013 ilu b 001 0 eng
010 ## -
-- 2012023659
020 ## - INTERNATIONAL STANDARD BOOK NUMBER
International Standard Book Number 9781433505751
020 ## - INTERNATIONAL STANDARD BOOK NUMBER
International Standard Book Number 1433505754
035 ## - SYSTEM CONTROL NUMBER
System control number (OCoLC)799024812
040 ## - CATALOGING SOURCE
Original cataloging agency DLC
Language of cataloging eng
Transcribing agency DLC
Modifying agency YDXCP
-- BDX
-- HNW
-- ABF
-- OCLCF
-- OCLCA
-- BMS
-- OCLCQ
-- MZN
042 ## -
-- pcc
050 00 -
-- BS2685.53
-- .W55 2013
082 ## - DEWEY DECIMAL CLASSIFICATION NUMBER
Classification number 220.7
Item number PRE
090 ## - LOCALLY ASSIGNED LC-TYPE CALL NUMBER (OCLC); LOCAL CALL NUMBER (RLIN)
Classification number (OCLC) (R) ; Classification number, CALL (RLIN) (NR) BS2341.52
Local cutter number (OCLC) ; Book number/undivided call number, CALL (RLIN) .P74
100 1# - MAIN ENTRY--PERSONAL NAME
Personal name Wilson, Todd A.,
Dates associated with a name 1976-
9 (RLIN) 16820
245 10 - TITLE STATEMENT
Title Galatians :
Remainder of title gospel-rooted living /
Statement of responsibility, etc. Todd A. Wilson
260 ## - PUBLICATION, DISTRIBUTION, ETC.
Place of publication, distribution, etc. Wheaton, Ill. :
Name of publisher, distributor, etc. Crossway,
Date of publication, distribution, etc. ℗♭2013
300 ## - PHYSICAL DESCRIPTION
Extent 276 pages ;
Dimensions 24 cm
336 ## - CONTENT TYPE
Content type term text
Content type code txt
Source rdacontent
337 ## - MEDIA TYPE
Media type term unmediated
Media type code n
Source rdamedia
338 ## - CARRIER TYPE
Carrier type term volume
Carrier type code nc
Source rdacarrier
490 1# - SERIES STATEMENT
Series statement Preaching the Word
504 ## - BIBLIOGRAPHY, ETC. NOTE
Bibliography, etc. note Includes bibliographical references and index
505 0# - FORMATTED CONTENTS NOTE
Formatted contents note Go Back to Grace (1:1-5) -- Apostolic Astonishment! (1:6-9) -- People-Pleaser or Servant of Christ? (1:10) -- You are Your Best Argument (1:11-24) -- Seeing Grace (2:1-10) -- Remember the Poor (2:10) -- Staying in Step with the Truth of the Gospel (2:11-14) -- The Truth of the Gospel (2:15, 16) -- Cruciformity: the Shape of Gospel-Rooted Living (2:17-21) -- There's Only One Way to Finish (3:1-5) -- Abraham's Blessing (3:6-9) -- Clearing the Way for God's Blessing (3:10-14) -- Why Then the Law? (3:15-22) -- Heirs According to Promise (3:23-29) -- Adoption as Sons (4:1-7) -- Turning Back Isn't the Way Forward (4:8-11) -- Imitation Is the Solution, Part 1 (4:12) -- Imitation Is the Solution, Part 2 (4:12-20) -- Children of the Free Woman (4:21-31) -- What Ultimately Counts? (5:1-6) -- Free to Run (5:7-12) -- Through Love Serve One Another (5:13-15) -- The Sufficiency of the Spirit (5:16-26) -- Burden Bearing, Part 1: Spiritual Restoration (6:1-5) -- Burden Bearing, Part 2: Pay Your Pastor (6:6-10) -- Boast Only in the Cross (6:11-18)
630 00 - SUBJECT ADDED ENTRY--UNIFORM TITLE
Uniform title Bible.
Name of part/section of a work Galatians
Form subdivision Commentaries
9 (RLIN) 9746
630 00 - SUBJECT ADDED ENTRY--UNIFORM TITLE
Uniform title Bible.
Name of part/section of a work Galatians
General subdivision Homiletical use
9 (RLIN) 16821
700 1# - ADDED ENTRY--PERSONAL NAME
Personal name Hughes, R. Kent,
Dates associated with a name 1942-,
Relator term editor
9 (RLIN) 917
830 #0 -
-- Preaching the word
-- 16818
942 ## - ADDED ENTRY ELEMENTS (KOHA)
Source of classification or shelving scheme Dewey Decimal Classification
Koha item type Reference Books
Holdings
Withdrawn status Lost status Source of classification or shelving scheme Damaged status Not for loan Home library Current Library Shelving location Date acquired Total checkouts Full call number Barcode Date last seen Copy number Price effective from Koha item type
    Dewey Decimal Classification     GRACE BIBLE COLLEGE GRACE BIBLE COLLEGE Commentary 2023-04-19   220.7 PRE 016237 2025-05-01 v.27 2023-04-19 Reference Books
© Grace Bible College Library 2025